|
|
|
|
| LEADER |
00000nam a2200000 a 4500 |
| 001 |
vtls001090684 |
| 003 |
SK-MaSNL |
| 005 |
20260301104920.0 |
| 008 |
250414s1983 xo 0 slo |
| 015 |
|
|
|a SNBA1983/03
|
| 035 |
|
|
|a SNK000033526
|
| 040 |
|
|
|a SNK
|b slo
|c SNK
|e AACR2
|
| 041 |
0 |
|
|a slo
|
| 044 |
|
|
|a xo
|c SK
|
| 080 |
|
|
|a 58/59+549(084.42)
|2 1981
|
| 080 |
|
|
|a 549(084.42)
|2 1981
|
| 080 |
|
|
|a 59(084.42)
|2 1981
|
| 100 |
1 |
|
|a Dobroruka, Luděk J.
|q (Luděk Jindřich),
|d 1933-2004
|4 aut
|9 207328
|
| 245 |
1 |
0 |
|a Pestrá príroda
|b Zoológia. Botanika. Mineralógia
|c Luděk Dobroruka, Zdeňka Podhajská, Jaroslav Bauer ; Elena Kocianová, Gejza Blaas, Pavel Hvožďara, Jaromír Knotek, Libuše Knotková, Petr Rob, Edita Plicková, Ladislav Pros, Aleš Krejča
|
| 250 |
|
|
|a 1. vyd.
|
| 260 |
|
|
|a Bratislava
|b Mladé letá
|c 1983
|e Martin
|f Tlačiarne SNP
|
| 300 |
|
|
|a 320 s., 62,87 AH
|c 30 cm
|
| 366 |
|
|
|e 3000 výtl.
|
| 500 |
|
|
|a Pre čitateľov od 11 rokov. Reg.
|
| 700 |
1 |
|
|a Podhajská, Zdenka,
|d 1945-
|4 aut
|9 46343
|
| 700 |
1 |
|
|a Bauer, Jaroslav
|4 aut
|9 278703
|
| 700 |
1 |
|
|a Kocianová, Elena,
|d 1948-
|4 trl
|9 178646
|
| 700 |
1 |
|
|a Blaas, Gejza,
|d 1942-
|4 trl
|9 109646
|
| 700 |
1 |
|
|a Hvožďara, Pavel,
|d 1936-2012
|4 trl
|9 5841
|
| 700 |
1 |
|
|a Knotek, Jaromír
|4 bkd
|9 283469
|
| 700 |
1 |
|
|a Knotková, Libuše,
|d 1949-
|4 bkd
|9 237911
|
| 700 |
1 |
|
|a Rob, Petr
|4 bkd
|9 444386
|
| 700 |
1 |
|
|a Plicková, Edita,
|d 1940-
|4 bkd
|9 100852
|
| 700 |
1 |
|
|a Pros, Ladislav
|4 bkd
|9 341972
|
| 700 |
1 |
|
|a Krejča, Aleš,
|d 1941-
|4 bkd
|9 45019
|
| 852 |
|
|
|a Slovenská národná knižnica
|
| 954 |
|
|
|a botanika
|a zoológia
|a mineralógia
|a atlasy
|
| 958 |
|
|
|a OND
|
| 958 |
|
|
|a CZ
|
| 958 |
|
|
|a DB
|
| 958 |
|
|
|a TL
|
| 958 |
|
|
|a OP
|
| 999 |
|
|
|c 699477
|d 701407
|
| 952 |
|
|
|t P60, <04>, [BOOK], {604}
|a SNK
|b SNK
|y VYP
|7 0
|p 17A0039365
|o snkSB 35114 D1
|0 0
|1 0
|4 0
|d 1997-02-18
|l 0
|r 2004-12-31 00:00:00
|w 2026-02-23
|
| 952 |
|
|
|a SNK
|b SNK
|y PREZ
|7 0
|p 17A0953431
|o snkSB 35114
|0 0
|1 0
|4 0
|d 2012-07-19
|f 1
|l 0
|r 2025-04-11 00:00:00
|w 2026-02-23
|